| 000 | 00854nam a2200289 i 4500 | ||
|---|---|---|---|
| 001 | 3689052 | ||
| 003 | NUST - PNEC | ||
| 005 | 20170116181059.0 | ||
| 008 | 781124s1977 enkab b 001 0 eng | ||
| 010 | _a 78322970 | ||
| 015 | _aGB78-07323 | ||
| 020 |
_a0297773607 : _c£12.50 |
||
| 040 |
_aDLC _cLIBRARY _dDLC |
||
| 043 | _aa------ | ||
| 050 | 0 | 0 |
_aGN625 _b.B6 1977b |
| 082 | 0 | 0 | _a301.295 BOW |
| 100 | 1 | _aBowles, Gordon Townsend. | |
| 245 | 1 | 4 |
_aThe people of Asia / _c[by] Gordon T. Bowles. |
| 260 |
_aLondon : _bWeidenfeld and Nicolson, _c1977. |
||
| 300 |
_a[10], 414 p. : _b1 ill., maps ; _c23 cm. |
||
| 490 | 0 | _aPeoples of the world series | |
| 500 | _aIncludes index. | ||
| 504 | _aBibliography: p. 379-402. | ||
| 650 |
_aBiography _912227 _xGeneral books |
||
| 906 |
_a7 _bcbc _corignew _d3 _encip _f19 _gy-gencatlg |
||
| 942 |
_2ddc _cBK |
||
| 999 |
_c68666 _d68666 |
||